000 00687nam a2200205Ii 4500
003 JO-AjNU
008 230605s9999||||xx |||||||||||||| ||und||
017 _a1975/4170
040 _aJO-AjNU
_bara
_erda
_cJO-AjNU
041 _aara
050 1 4 _aHF5500.M2.1975
100 3 _aفهمي، محمود,
_eauthor
_936601
245 0 0 _aالمدير:نظرات في تطبيق علوم الادارة الحديثة في الاعمال
264 3 1 _aالقاهرة:عالم الكتب؛1975
300 _a446ص
336 _atext
_btxt
_2rdacontent
337 _aunmediated
_bn
_2rdamedia
338 _avolume
_bnc
_2rdacarrier
650 4 _aالادارة الحديثة-المدير
_936602
999 _aA15221
_c18789
_d18789